Statistiques concernant Tout les trophées de Fc Nancy / As Nancy Lorraine

Cliquez ici pour prendre le quiz!

Statistiques générales

  • Ce quiz a été pris 53 fois
  • Le résultat moyen est 7 sur 10

Statistiques - réponses

DateRéponse% Correct
1943/1944CDF
80%
2005/2006coupe de la ligue
80%
2015/2016ligue 2
80%
2004/2005ligue 2
78%
1989/1990ligue 2
75%
1974/1975ligue 2
73%
1997/1998ligue 2
73%
1945/1946ligue 2
70%
1957/1958ligue 2
70%
1977/1978CDF
45%

Distribution des résultats

Percentile par nombre de réponses

% des personnes avec chaque résultat

Votre développement - résultats

Vous n’avez pas pris ce quiz